Catalog

Record Details

Catalog Search



Available copies

  • 1 of 1 copy available at LARL/NWRL Consortium.
  • 1 of 1 copy available at Lake Agassiz Regional Library. (Show preferred library)

Current holds

0 current holds with 1 total copy.

Show Only Available Copies
Location Call Number / Copy Notes Barcode Shelving Location Status Due Date
Moorhead Public Library C RIC (Text) 33500008811812 Main Available -

Record details

  • ISBN: 0842364374 (sc)
  • Physical Description: xii, 299 p. ; 21 cm.
  • Publisher: Wheaton, Ill. : Tyndale House Publishers, c2004.
Subject: People with disabilities > Fiction.
Canada, Northern > Fiction.
Amnesia > Fiction.
Genre: Romantic suspense fiction.
Christian fiction.
LDR 00984cam a22003134a 4500
00169401
003LARL_NWRL_CONSORTIUM
00520060523133543.0
008040813s2004 ilu 000 1 eng
020 . ‡a0842364374 (sc)
035 . ‡a(OCoLC)56324682
042 . ‡apcc
043 . ‡an-cn---
08200. ‡a813/.6 ‡222
1001 . ‡aRicher, Lois. ‡0(LARL_NWRL_CONSORTIUM)144333
24510. ‡aForgotten justice / ‡cLois Richer.
260 . ‡aWheaton, Ill. : ‡bTyndale House Publishers, ‡cc2004.
300 . ‡axii, 299 p. ; ‡c21 cm.
4900 . ‡aCamp Hope ; ‡v2
650 0. ‡aPeople with disabilities ‡vFiction. ‡0(LARL_NWRL_CONSORTIUM)166645
651 0. ‡aCanada, Northern ‡vFiction.
650 0. ‡aAmnesia ‡vFiction. ‡0(LARL_NWRL_CONSORTIUM)163233
655 7. ‡aRomantic suspense fiction. ‡2gsafd
655 7. ‡aChristian fiction. ‡2gsafd
901 . ‡a69401 ‡bOCLC ‡c69401 ‡tbiblio

Additional Resources